000 00545cam a22001577a 4500
008 180718b2003 xxu||||| |||| 00| 0 eng d
020 _a8188793000
082 _aB136x5451 R18
245 _aAndhra Pradesh development: economic reforms and challenges ahead
_cedited by C.H. Hanumantha Rao and S. Mahendra Dev
260 _aHyderabad
_bCenter for Economic and Social Studies
_c2003
300 _a636p.
650 _aMacro Economic Scenario.
650 _aInfrastructure
700 _aDev, S. Mahendra, ed.
700 _aRao, C.H. Hanumantha, ed.
999 _c495258
_d495258